Beginning C# object-oriented programming / (Record no. 17746)
[ view plain ]
| 000 -LEADER | |
|---|---|
| fixed length control field | 01934cam a22003737a 4500 |
| 001 - CONTROL NUMBER | |
| control field | 17150495 |
| 005 - DATE AND TIME OF LATEST TRANSACTION | |
| control field | 20131204140922.0 |
| 006 - FIXED-LENGTH DATA ELEMENTS--ADDITIONAL MATERIAL CHARACTERISTICS--GENERAL INFORMATION | |
| fixed length control field | a|||||r|||| 00| 0 |
| 007 - PHYSICAL DESCRIPTION FIXED FIELD--GENERAL INFORMATION | |
| fixed length control field | ta |
| 008 - FIXED-LENGTH DATA ELEMENTS--GENERAL INFORMATION | |
| fixed length control field | 120206t2013 xxua fr 001 0 eng d |
| 010 ## - LIBRARY OF CONGRESS CONTROL NUMBER | |
| LC control number | 2012359623 |
| 020 ## - INTERNATIONAL STANDARD BOOK NUMBER | |
| International Standard Book Number | 1430249358 |
| 020 ## - INTERNATIONAL STANDARD BOOK NUMBER | |
| International Standard Book Number | 9781430249351 (pbk) |
| 020 ## - INTERNATIONAL STANDARD BOOK NUMBER | |
| International Standard Book Number | 9781430249368 (electronic) |
| 050 00 - LIBRARY OF CONGRESS CALL NUMBER | |
| Classification number | QA76.73.C154 |
| Item number | C5 2011 |
| 082 04 - DEWEY DECIMAL CLASSIFICATION NUMBER | |
| Classification number | 005.133 |
| Edition number | 22 |
| Item number | CLA |
| 100 1# - MAIN ENTRY--PERSONAL NAME | |
| Personal name | Clark, Dan, |
| Dates associated with a name | 1963- |
| 9 (RLIN) | 34419 |
| 245 10 - TITLE STATEMENT | |
| Title | Beginning C# object-oriented programming / |
| Statement of responsibility, etc | Dan Clark. |
| 246 30 - VARYING FORM OF TITLE | |
| Title proper/short title | C# object-oriented programming |
| 246 35 - VARYING FORM OF TITLE | |
| Title proper/short title | Learn to design and develop modern applications in C# |
| 250 ## - EDITION STATEMENT | |
| Edition statement | 2nd ed. |
| 260 ## - PUBLICATION, DISTRIBUTION, ETC. (IMPRINT) | |
| Place of publication, distribution, etc | New York, United States : |
| Name of publisher, distributor, etc | Apress, |
| Date of publication, distribution, etc | c.2013 |
| 300 ## - PHYSICAL DESCRIPTION | |
| Extent | xvi, 362 p. : |
| Other physical details | ill. ; |
| Dimensions | 24 cm. |
| 490 1# - Series Statement | |
| Series statement | The expert's voice in C# |
| -- | 34536 |
| 500 ## - GENERAL NOTE | |
| General note | Includes appendix. |
| 500 ## - GENERAL NOTE | |
| General note | Includes index. |
| 505 0# - FORMATTED CONTENTS NOTE | |
| Formatted contents note | Contents : Introduction-Overview of object-oriented programming-Designing OOP solutions : identifying the class structure-Designing OOP solutions : modeling the object interaction-Designing OOP solutions : a case study-Introducing the .NET Framework and Visual Studio-Creating classes-Creating class hierarchies-Implementing object collaboration-Working with collections-Implementing the data access layer-Developing Windows applications-Developing web applications-Developing and consuming WCF services-Developing the OSO application-Wrapping up-Appendix A: Fundamental programming concepts-Appendix B : Exception handling in C#-Appendix C : Installing the required software. |
| 520 0# - SUMMARY, ETC. | |
| Summary, etc | Design and develop cutting-edge applications in C# using proven object-oriented methodologies and best practices-Cover. |
| 650 #0 - SUBJECT ADDED ENTRY--TOPICAL TERM | |
| Topical term or geographic name as entry element | C# (Computer program language) |
| 9 (RLIN) | 34420 |
| 653 ## - INDEX TERM--UNCONTROLLED | |
| Resource For college | |
| Arrived date list | November2013 |
| -- | December2013 |
| 655 ## - INDEX TERM--GENRE/FORM | |
| Form subdivision | |
| -- | 34232 |
| 830 #4 - SERIES ADDED ENTRY--UNIFORM TITLE | |
| Uniform title | The expert's voice in C# |
| 9 (RLIN) | 34536 |
| 942 ## - ADDED ENTRY ELEMENTS (KOHA) | |
| Source of classification or shelving scheme | Dewey Decimal Classification |
| Item type | Book - Borrowing |
| Call number prefix | 005.133 CLA |
| Withdrawn status | Item status | Source of classification or shelving scheme | Damaged status | Not for loan | Vendor | Home library | Current library | Shelving location | Date acquired | Source of acquisition | Total Checkouts | Total Renewals | Full call number | Barcode | Checked out | Date last seen | Date last borrowed | Koha item type |
|---|---|---|---|---|---|---|---|---|---|---|---|---|---|---|---|---|---|---|
| Dewey Decimal Classification | Baccah | Central Library | Central Library | Lower Floor | 11/11/2013 | 1 | 2 | 005.133 CLA | 000029615 | 29/10/2025 | 08/10/2025 | 08/10/2025 | Book - Borrowing | |||||
| Dewey Decimal Classification | Baccah | Central Library | Central Library | Lower Floor | 11/11/2013 | 005.133 CLA | 000029616 | 15/07/2025 | Book - Borrowing | |||||||||
| Dewey Decimal Classification | Baccah | Central Library | Central Library | Lower Floor | 04/12/2013 | 005.133 CLA | 000029681 | 15/07/2025 | Book - Borrowing |